<?xml version="1.0" encoding="UTF-8"?>
<collection xmlns="http://www.loc.gov/MARC21/slim">
    <record>
        <controlfield tag="001">48034</controlfield>
        <controlfield tag="005">20160303123205.0</controlfield>
        <datafield tag="037" ind1=" " ind2=" ">
            <subfield code="a">TAZ-TFG-2015-757</subfield>
        </datafield>
        <datafield tag="041" ind1=" " ind2=" ">
            <subfield code="a">spa</subfield>
        </datafield>
        <datafield tag="100" ind1="1" ind2=" ">
            <subfield code="a">Roche Gómez, Ana</subfield>
        </datafield>
        <datafield tag="245" ind1="0" ind2="0">
            <subfield code="a">Implementación de la hidroterapia en un tratamiento convencional para la parálisis cerebral infantil discinética. Comparativa de dos casos.</subfield>
        </datafield>
        <datafield tag="260" ind1=" " ind2=" ">
            <subfield code="a">Zaragoza</subfield>
            <subfield code="b">Universidad de Zaragoza</subfield>
            <subfield code="c">2015</subfield>
        </datafield>
        <datafield tag="506" ind1=" " ind2=" ">
            <subfield code="a">by-nc-sa</subfield>
            <subfield code="b">Creative Commons</subfield>
            <subfield code="c">3.0</subfield>
            <subfield code="u">http://creativecommons.org/licenses/by-nc-sa/3.0/</subfield>
        </datafield>
        <datafield tag="520" ind1=" " ind2=" ">
            <subfield code="a">Introducción. La parálisis cerebral infantil (PCI) discinética es el segundo tipo de parálisis cerebral más frecuente. Hay una afectación de los ganglios basales, y se manifiesta mediante movimientos involuntarios y una alteración del tono y la postura. Al ser una patología crónica, las terapias tratan de mejorar la funcionalidad y frenar las deformidades. Las terapias empleadas son las basadas en tratamientos convencionales y la hidroterapia. Objetivos. Elaborar dos planes de tratamiento, uno convencional y otro combinando éste con la hidroterapia, para valorar la eficacia de ambos y si existe una diferencia importante en los resultados entre una terapia y otra.  Metodología. Es un estudio de comparación entre grupos, GI (experimental) y GC (control), que valora las variables dependientes en la fase inicial, aplica dos variables independientes (terapias), una a cada grupo, y valora de nuevo las VD al final del estudio. Cada grupo está formado por un sujeto, de 15 años, que presenta una PCI distónica, manifestada con distonía y coreoatetosis. Desarrollo. Teniendo en cuenta los objetivos planteados y que éstos eran a largo plazo, se observan en ambos grupos unos resultados ligeramente positivos tras 6 semanas de tratamiento. Se evidencian más los resultados positivos a nivel del reforzamiento muscular,  amplitudes articulares y deformidades.  Conclusiones. A pesar de que la muestra es pequeña, ambos planes de tratamiento se muestran efectivos, sin llegar a presentar unos resultados más favorables una terapia sobre la otra. Son necesarios más estudios que comparen o evidencien la efectividad del programa de hidroterapia en este tipo de parálisis cerebral infantil.</subfield>
        </datafield>
        <datafield tag="521" ind1=" " ind2=" ">
            <subfield code="a">Graduado en Fisioterapia</subfield>
        </datafield>
        <datafield tag="540" ind1=" " ind2=" ">
            <subfield code="a">Derechos regulados por licencia Creative Commons</subfield>
        </datafield>
        <datafield tag="700" ind1=" " ind2=" ">
            <subfield code="a">Malo Urriés, Miguel</subfield>
            <subfield code="e">dir.</subfield>
        </datafield>
        <datafield tag="710" ind1="2" ind2=" ">
            <subfield code="a">Universidad de Zaragoza</subfield>
            <subfield code="b"> </subfield>
            <subfield code="c"></subfield>
        </datafield>
        <datafield tag="856" ind1="0" ind2=" ">
            <subfield code="f">649425@celes.unizar.es</subfield>
        </datafield>
        <datafield tag="856" ind1="4" ind2=" ">
            <subfield code="s">1570056</subfield>
            <subfield code="u">http://zaguan.unizar.es/record/48034/files/TAZ-TFG-2015-757.pdf</subfield>
            <subfield code="y">Memoria (spa)</subfield>
        </datafield>
        <datafield tag="909" ind1="C" ind2="O">
            <subfield code="o">oai:zaguan.unizar.es:48034</subfield>
            <subfield code="p">driver</subfield>
            <subfield code="p">trabajos-fin-grado</subfield>
        </datafield>
        <datafield tag="950" ind1=" " ind2=" ">
            <subfield code="a"></subfield>
        </datafield>
        <datafield tag="951" ind1=" " ind2=" ">
            <subfield code="a">deposita:2016-03-03</subfield>
        </datafield>
        <datafield tag="980" ind1=" " ind2=" ">
            <subfield code="a">TAZ</subfield>
            <subfield code="b">TFG</subfield>
            <subfield code="c">EUCS</subfield>
        </datafield>
    </record>

    
</collection>